000 00904nam a2200229Ia 4500
001 16767
003 GE_BSU
008 181216s||||||||xx |||||||||||||| ||und||
040 _cGE_BSU
080 _a94(47+57)(092)(479.22)
100 _aგვაზავა-სანაძე, ლამარა
245 _aსამშობლოს სახელით
245 _bქართველ მეომართა გმირობა დიდ სამამულო ომში
245 _cრედ.ალ.ბეგაშვილი
260 _aთბილისი
260 _bმეცნიერება
260 _c1982
300 _a262გვ.21სმ.
653 _aსამშობლოს სახელით
653 _aქართველ მეომართა გმირობა დიდ სამამულო ომში
942 _cBK
999 _c49832
_d49832